000
00270nam a2200109Ia 4500
082
_a
305.520968 DRE
245
0
_a
Dreyer,Lynette
100
_a
The Modern African Elite South Africa
_9
34019
942
_c
BK
020
_a
"
008
210816s9999 xx 000 0 und d
999
_c
123620
_d
123619